Loading...
| Literature - British | 0 | 9 | 0 | 0 | 90 | 41 | 82.44 | 4 | 9 | 0.00 | 0.00 |
| Literature - American | 0 | 5 | 0 | 0 | 50 | 85 | 109.20 | 2 | 5 | 0.00 | 0.00 |
| Literature - European | 0 | 5 | 0 | 0 | 50 | 101 | 117.60 | 0 | 5 | 0.00 | 0.00 |
| Literature - World | 0 | 5 | 2 | 1 | 40 | 63 | 109.60 | 0 | 5 | 0.00 | 0.00 |
| Mythology | 0 | 3 | 1 | 1 | 25 | 82 | 106.33 | 1 | 3 | 0.00 | 0.00 |
| Fine Arts - Painting & Sculpture | 0 | 2 | 0 | 0 | 20 | 131 | 134.00 | 0 | 2 | 0.00 | 0.00 |
| Science - Other | 0 | 1 | 0 | 0 | 10 | 76 | 76.00 | 1 | 1 | 0.00 | 0.00 |
| Philosophy | 0 | 1 | 0 | 0 | 10 | 100 | 100.00 | 0 | 1 | 0.00 | 0.00 |
| Science - Biology | 0 | 1 | 0 | 0 | 10 | 79 | 79.00 | 1 | 1 | 0.00 | 0.00 |
| Fine Arts - Other | 0 | 1 | 0 | 0 | 10 | 110 | 110.00 | 0 | 1 | 0.00 | 0.00 |